| 000 | 01115nam a2200337Ia 4500 | ||
|---|---|---|---|
| 005 | 20220317001849.0 | ||
| 008 | 170410s2009 s g 000 f s | ||
| 020 | _a9788495776037 | ||
| 020 | _a8495776037 | ||
| 041 | _aspa | ||
| 100 | 1 |
_aCollins, Wilkie _d1824-1889 |
|
| 245 | 1 | 3 |
_aLa dama de blanco _cWilkie Collins ; traducción de Maruja Gómez Segalés |
| 250 | _a19a. edición | ||
| 300 |
_a542 páginas _c24 cm |
||
| 490 | _aBiblioteca Wilkie Collins | ||
| 500 | _aIncluye datos biográficos del autor en solapa | ||
| 534 | _tThe woman in white | ||
| 650 | 1 | 4 |
_2LEMB _aNovela inglesa _ySiglo XIX |
| 650 | 1 | 4 |
_2LEMB _aLiteratura inglesa _ySiglo XIX |
| 650 | 1 | 4 |
_2LEMB _aIntriga en la literatura |
| 650 | 1 | 4 |
_2LEMB _aMujeres en la literatura |
| 650 | 1 | 4 |
_2LEMB _aSuspenso en la literatura |
| 700 | 1 |
_aGómez Segalés, Maruja _etraductora _978099 |
|
| 942 |
_2loc _cBKLIT |
||
| 264 |
_a[Barcelona] _bMontesinos _c2009 |
||
| 336 |
_atexto _btxt _2rdacontent |
||
| 337 |
_asin mediación _bn _2rdamedia |
||
| 338 |
_avolumen _bnc _2rdacarrier |
||
| 040 |
_aCO-BoRNBP _bspa _erda _cCO-BoRNBP |
||
| 084 | _aN COL13 | ||
| 999 |
_c8346 _d8346 |
||